Home care : (Record no. 8003)

MARC details
000 -LEADER
fixed length control field 00572pam a2200181 a 4500
020 ## - INTERNATIONAL STANDARD BOOK NUMBER
ISBN 0721684424
050 10 - CALL NUMBER
Classification number RT61
Item number .RZ67
100 1# - AUTHOR
Personal name Zastocki, D. K.
-- Rovinski-Wagner, Christine.
245 10 - TITLE
Title Home care :
Remainder of title Patient and Family Instructions /
Statement of responsibility, etc Christine A. Rovinski, Deborah K. Zastocki.
260 ## - PUBLICATION INFORMATION
Place of publication Philadelphia :
Name of publisher Saunders,
Year of publication 2000.
300 ## - DESCRIPTION
Number of Pages xv, 448 p
Other physical details ill. ;
500 ## - NOTES
General note Includes index.
650 #0 - SUBJECTS
Topical Term Home nursing.
650 #0 - SUBJECTS
Topical Term Nursing care plans.
650 #2 - SUBJECTS
Topical Term Home Care Services
General subdivision nurses' instruction.
700 1# - OTHER AUTHORS
Personal name Zastocki, Deborah K.
942 ## - ADDED ENTRY ELEMENTS (KOHA)
Koha item type Books
Holdings
Withdrawn status Lost status Home library Current library Date acquired Full call number Accession Number Koha item type
    Methodist University Library Wenchi Nursing Methodist University Library Wenchi Nursing 21/10/2021 RT61 .RZ67 35097 Books
Copyright © 2026  MUG Library